000 01120cam a22002651i 4500
003 SA_RiAUC
005 20250915052700.0
008 250913s2012 ku g f000 0 ara c
020 _a9789996650604
040 _aSA-MaMIU
_bara
_cSA-RiAUC
_erda
082 0 4 _a252.2
_qSA-RiAUC
090 _a252.2
_bع ن ز
100 1 _aالعنزي، صباح عبد الكريم
_eمؤلف.
245 1 0 _aعبودية الجوارح في الصلاة :
_bأسرارها الإيمانية-آثارها الطبية-أحكامها الفقهية /
_cصباح عبد الكريم العنزي.
250 _aالطبعة الأولى.
264 1 _aالكويت :
_bوزارة الأوقاف والشؤون الإسلامية، إدارة الثقافة الإسلامية،
_c2012.
300 _a113 صفحة ؛
_c21 سم
336 _aنص
_btxt
_2rdacontent
_3كتاب
337 _aبدون وسيط
_bn
_2rdamedia
338 _aمجلد
_bnc
_2rdacarrier
500 _aيطبع لأول مرة.
650 7 _aالصلاة (فقه إسلامي)
_2aucsh
942 _2ddc
_cBOOK
_n0
949 _aSA-JeALM
_d250913
_umohamedma123
_n1
999 _c11728
_d11728